LIBRARY & INFORMATION CENTRE, KCAET, TAVANUR

ONLINE PUBLIC ACCESS CATALOGUE (OPAC)

Normal view MARC view
  • Vijaya ghose

Entry Personal Name

Number of records used in: 1

001 - CONTROL NUMBER

  • control field: 5136

003 - CONTROL NUMBER IDENTIFIER

  • control field: OSt

005 - DATE AND TIME OF LATEST TRANSACTION

  • control field: 20211204145232.0

008 - FIXED-LENGTH DATA ELEMENTS

  • fixed length control field: 211204|| aca||aabn | a|a d

040 ## - CATALOGING SOURCE

  • Original cataloging agency: OSt
  • Transcribing agency: OSt

100 ## - HEADING--PERSONAL NAME

  • Personal name: Vijaya ghose

670 ## - SOURCE DATA FOUND

  • Source citation: Work cat.: (OSt): Vijaya ghose, Limca book of records 1996, 1996
free website counter